| 000 | 01225nam a22002657a 4500 | ||
|---|---|---|---|
| 999 |
_c169854 _d169854 |
||
| 005 | 20191205173555.0 | ||
| 008 | 190403b ||||| |||| 00| 0 eng d | ||
| 010 | _aB-141748 | ||
| 020 |
_c200.00 _a8177790986 |
||
| 035 | _aB-141748 | ||
| 037 | _bCen Lib/Ret | ||
| 040 |
_aDPL _bHN |
||
| 082 |
_a004 _bपाण्डेय |
||
| 100 |
_aपाण्डेय, पृथ्वीनाथ _944529 |
||
| 245 |
_aमानव विकल्प बनता कंप्यूटर / _cपृथ्वीनाथ पाण्डेय |
||
| 246 |
_aManav vikalp banta computer/ _bby Prithivinath Pandey |
||
| 260 |
_aइलाहाबाद _bसाहित्य भंडार _c2005 |
||
| 270 |
_bइलाहाबाद _a50, चाह्चंद _e211003 |
||
| 300 |
_a192पृ.: _c20सेमी(सजिल्द ) _bसचित्र |
||
| 650 |
_aकंप्यूटर साइंस _x _z _986554 |
||
| 650 |
_aकंप्यूटर साइंस--एतिहासिक पृष्ठभूमि _986555 |
||
| 650 |
_aComputer Science _986556 |
||
| 650 |
_aComputer Science - historical background _986557 |
||
| 942 |
_2ddc _cHN _h004 _mपाण्डेय |
||